| 000 | 02781cam a2200481 a 4500 | ||
|---|---|---|---|
| 001 | 15766670 | ||
| 005 | 20100224140250.0 | ||
| 008 | 090608s2010 enk b 001 0 eng | ||
| 010 | _a 2009023513 | ||
| 015 |
_aGBA926161 _2bnb |
||
| 016 | 7 |
_a014927372 _2Uk |
|
| 020 | _a9780415776554 (hbk.) | ||
| 020 | _a0415776554 (hbk.) | ||
| 020 | _a9780415776547 (pbk.) | ||
| 020 | _a0415776546 (pbk.) | ||
| 020 | _a9780203863961 (ebk.) | ||
| 020 | _a0203863968 (ebk.) | ||
| 035 | _a(OCoLC)ocn213446284 | ||
| 040 |
_aDLC _cDLC _dBTCTA _dBAKER _dNLGGC _dYDXCP _dOCLCQ _dBWKUK _dUKM _dNLA _dDLC |
||
| 043 |
_an-us--- _ae------ |
||
| 050 | 0 | 0 |
_aE184.M88 _bM868 2010 |
| 082 | 0 | 0 |
_222 _a305.697091821 _bMUS |
| 245 | 0 | 0 |
_aMuslims in the West after 9/11: _cEdited by Jocelyne Cesari. _breligion, politics, and law / |
| 260 |
_aLondon : _bRoutledge, _cc2010. |
||
| 300 |
_aviii, 253 p. ; _c25 cm. |
||
| 490 | 0 | _aRoutledge studies in liberty and security | |
| 504 | _aIncludes bibliographical references and index. | ||
| 505 | 0 | 0 |
_tSecuritization of Islam in Europe / _rJocelyne Cesari -- _tIslam in America / _rJane I. Smith -- _tThe war on terror and muslims in the west / _rMahmood Monshipouri -- _tBush's political fundamentalism and the war against militant Islam: the US-European divide / _rDirk Nabers and Robert G. Patman -- _tThe liberal roots of the American empire / _rMichael C. Desch -- _tWelcoming muslims into the nation: tolerance, politics and integration in Germany / _rFrank Peter -- _tShari'a and the future of secular Europe / _rJocelyne Cesari -- _tAmerican muslims at the dawn of the 21st century: hope and pessimism in the drive for civic and political inclusion / _rLouise Cainkar -- _tThe concept of the muslim enemy in the public discourse / _rYasemin Shooman and Riem Spielhaus -- _tIslamic radicalism in Europe / _rFarhad Khosrokhavar. |
| 650 | 0 |
_aMuslims _zUnited States _xReligion. _912708 |
|
| 650 | 0 |
_aMuslims _xPolitical activity _zUnited States. _912709 |
|
| 650 | 0 |
_aMuslims _xLegal status, laws, etc. _zUnited States. _912710 |
|
| 650 | 0 |
_aMuslims _zEurope _xReligion. _912711 |
|
| 650 | 0 |
_aMuslims _xPolitical activity _zEurope. _912712 |
|
| 650 | 0 |
_aMuslims _xLegal status, laws, etc. _zEurope. _912713 |
|
| 650 | 0 |
_aIslamic fundamentalism _zUnited States. _912714 |
|
| 650 | 0 |
_aIslamic fundamentalism _zEurope. _912715 |
|
| 651 | 0 |
_aUnited States _xRace relations. _912716 |
|
| 651 | 0 |
_aEurope _xRace relations. _912717 |
|
| 700 | 1 |
_aCesari, Jocelyne. _912718 |
|
| 942 |
_2ddc _cBB |
||
| 999 |
_c13688 _d13688 |
||